000 00528nam a2200217Ia 4500
003 OSt
005 20230411114208.0
008 210423s2010 xx 000 0 und d
020 _a9788120339194
040 _cAL
041 _aeng
082 _a657.046 CHAD
100 _aCHANDRA BOSE (D).
_986052
245 _aAdvanced accounting. V1.
260 _aNew Delhi
_bPHI Learning Pvt Ltd
_c2010
300 _axi,710
_bPB
365 _b295
_cINR
440 _v1
906 _aaccounting. ; Advanced ; V1.
942 _2ddc
_cBK
999 _c158458
_d158458